000 01570nam a2200289 a 4500
001 40546
003 BD-RjUL
005 20211209053234.0
008 160502s2014 bg a|||| |||| 00| 0 ben d
020 _a9789849078524
_c: Tk. 10,000.00 (set)
035 _a(BD-RjUL)40661
040 _aBD-RjUL
_bben
_cBD-RjUL
_dBD-RjUL
041 _aben
082 _223
_a891.4412
_bALJ 2014
100 _aআলী, ওয়াহেদ
_9124794
245 1 0 _aজঙ্গ নামা /
_cওয়াহেদ আলী ; সংগ্রহ, লিপ্যন্তর ও সম্পাদনা মো. আব্দুল মান্নান, মোস্তফা সেলিম
260 _aঢাকা :
_bউৎস প্রকাশন,
_c২০১৪
300 _a৪৮৭, [১] পৃ :
_bচিত্র ;
_c২৫ সেমি.
490 _aনাগরীলিপির গ্রন্থসম্ভার ;
_v২২
500 _a"২৫টি পুথির নাগরী গ্রন্থসম্ভার "
650 _aBengali poetry
_9124657
650 _aবাংলা পুথি
_9124658
700 _aমান্নান, মো. আব্দুল, সংগ্রাহক, লিপ্যন্তরকারী ও সম্পাদক
_9124653
700 _aসেলিম, মোস্তফা, সংগ্রাহক, লিপ্যন্তরকারী ও সম্পাদক
_9124654
830 _aনাগরীলিপির গ্রন্থসম্ভার ;
_v২২
_9124655
942 _2ddc
_cBK
999 _c40546
_d40546